| 000 | 01216nam a22002057a 4500 | ||
|---|---|---|---|
| 005 | 20250728115316.0 | ||
| 010 | _aB-765786-5796 25BACHN25 | ||
| 020 |
_c495.00 _a9789392325304 |
||
| 035 | _aB-765786-5796 | ||
| 037 | _bअनुराग प्रकाशन | ||
| 082 | _a921 | ||
| 100 |
_aशर्मा, भावना _983396 |
||
| 245 |
_aमहाराजा रणजीत सिंह/ _cभावना शर्मा |
||
| 250 | _a1 | ||
| 260 |
_aनई दिल्ली _bअनुराग प्रकाशन _c2024 |
||
| 270 |
_bनई दिल्ली _a4760-61, दि्वतीय तल, 23, अंसारी रोड, दरियागंज _e110002 |
||
| 300 |
_a156पृ. _c22सेमी(सजिल्द) |
||
| 942 |
_2ddc _cHN _mशर्माभा _h920 |
||
| 999 |
_c209892 _d209892 |
||